000 00540nam a22001817a 4500
003 UA-OsUOA
001 13174
007 ta
008 20030420b un ||||| |||| 00| 0 ukr d
100 _aКомаровськтй В.
942 _cSA
040 _aUA-OsUOA
_cUA-OsUOA
_dUA-OsUOA
245 _aУкраїнців на Рівненщині понад 96 відсотків
300 _aС.2
955 _a0
773 0 _w0
_tВільне слово
_dРівне
_d2003
_g№28/11 квіт./
650 7 _aКраєзнавча робота
_2UDC
999 _c299335
_d299335